Top 20 des plus grands sportifs de tous les temps - Statistiques

Statistiques générales
  • Ce quiz a été pris 253 fois
  • Le résultat moyen est 11 sur 20
Statistiques - réponses
Classement Sport Sportifs % Correct
3 Football Lionel Messi
97%
20 Football Américain / Baseball Bo Jackson
94%
1 Basket-Ball Michael Jordan
94%
14 Football Cristiano Ronaldo
93%
2 Boxe Muhammad Ali
90%
5 Athlétisme Usain Bolt
89%
7 Tennis Roger Federer
87%
8 Basket-Ball Lebron James
84%
18 Football Pelé
76%
4 Natation Michael Phelps
75%
9 Boxe Mike Tyson
68%
19 Football Américain Tom Brady
36%
11 Tennis Serena Williams
29%
16 Basket-Ball Magic Johnson
25%
15 Basket-Ball Larry Bird
24%
13 Basket-Ball Kareem Abdul-Jabbar
20%
12 Basket-Ball Wilt Chamberlain
19%
6 Baseball Babe Ruth
6%
17 Hockey sur glace Wayne Gretzky
6%
10 Athlétisme Jesse Owens
5%
Aucun quiz correspondant
Distribution des résultats
% des personnes avec chaque résultat
Percentile par nombre de réponses
Votre historique - résultats
Vous n’avez pas pris ce quiz